Uso y escogencia de maquinaria en el movimiento de tierras

Furkejuvvon:
Bibliográfalaš dieđut
Váldodahkki: Ramírez Quesada, Rafael M
Materiálatiipa: Dovdameahttun
Almmustuhtton: [San José, Costa Rica] 1971
Fáttát:
Fáddágilkorat: Lasit fáddágilkoriid
Eai fáddágilkorat, Lasit vuosttaš fáddágilkora!

MARC

LEADER 00000 a2200000 4500
003 011353
005 20221231143816.0
008 140114s1971 cr a m 000 ||s d
040 |c cru CEDI 
090 |a TFG 423 
100 |a Ramírez Quesada, Rafael M  |9 17925 
245 |a Uso y escogencia de maquinaria en el movimiento de tierras 
260 |c 1971  |a  [San José, Costa Rica] 
300 |a  41 hojas, gráficos, ilustraciones, tablas ; 28 cm  
500 |a Tesis (Ingeniero Civil) Universidad de Costa Rica.  
650 |x MAQUINARIA PARA MOVIMIENTO DE TIERRAS  |9 16592 
942 |c TFG 
999 |c 12308  |d 12308